České zemědělství v procesu integrace
Vývoj poľnohospodárstva v Čechách. Prístupové jednania ČR s EÚ a koncepcia agrárnej politiky v období pred vstupom do EÚ. Vývoj vybraných ekonomických ukazovateľov českého poľnohospodárstva Zamestnanosť. Vývoj poľnohospodárskej produkcie a hospodárskeho výsledku v poľnohospodárstve. Vývoj cien poľno...
Uložené v:
| Hlavný autor: | |
|---|---|
| Ďalší autori: | |
| Médium: | Kapitola |
| Jazyk: | Czech |
| Predmet: | |
| Tagy: |
Žiadne tagy, Buďte prvý, kto otaguje tento záznam!
|
MARC
| LEADER | 00000naa$a2200000$$$4500 | ||
|---|---|---|---|
| 001 | 0069072 | ||
| 005 | 20231107071742.4 | ||
| 041 | 0 | |a cze | |
| 044 | |a CZ | ||
| 245 | 1 | 0 | |a České zemědělství v procesu integrace |c Blanka Baránková, Iva Nedomlelová |
| 520 | |a Vývoj poľnohospodárstva v Čechách. Prístupové jednania ČR s EÚ a koncepcia agrárnej politiky v období pred vstupom do EÚ. Vývoj vybraných ekonomických ukazovateľov českého poľnohospodárstva Zamestnanosť. Vývoj poľnohospodárskej produkcie a hospodárskeho výsledku v poľnohospodárstve. Vývoj cien poľnohospodárskych výrobcov. Vývoj celkových výdavkov na agrárnu politiku v ČR. | ||
| 610 | 2 | 0 | |a Česko |
| 610 | 2 | 0 | |a poľnohospodárstvo |
| 610 | 2 | 0 | |a ukazovatele ekonomické |
| 610 | 2 | 0 | |a zamestnanosť |
| 610 | 2 | 0 | |a ceny |
| 610 | 2 | 0 | |a výdavky |
| 100 | 1 | |a Baránková, Blanka | |
| 700 | 1 | |a Nedomlelová, Iva | |